[Event "Belgrade tt Cup"]
[Site "Belgrade"]
[Date "2013.04.20"]
[Round "4"]
[White "Stefanovic, Marko"]
[Black "Rajkovic, Mladen"]
[Result "1/2-1/2"]
[WhiteElo "1833"]
[BlackElo "1971"]
[PlyCount "99"]
[EventDate "2013.04.17"]
[EventType "team-swiss"]
[EventRounds "5"]
[EventCountry "SRB"]
[SourceTitle "EXT 2015"]
[Source "ChessBase"]
[SourceDate "2014.11.20"]
[SourceVersion "1"]
[SourceVersionDate "2014.11.20"]
[SourceQuality "1"]

1. e4 c5 2. Nf3 e6 3. c3 Nf6 4. e5 Nd5 5. d4 cxd4 6. cxd4 b6 7. Nc3 Nxc3 8. bxc3 Bb7 9. Bd3 d6 10. 0-0 Nc6 11. Qe2 dxe5 12. Nxe5 Nxe5 13. Qxe5 Bc6 14. Bc4 Qd6 15. Qg5 h6 16. Qg4 h5 17. Qh3 Be7 18. a4 Qd7 19. Qg3 Bd6 20. Qd3 h4 21. h3 Qb7 22. f3 0-0 23. Be3 Rad8 24. Bg5 Be7 25. Qe3 Qc7 26. Bb3 Rfe8 27. Bc2 Bd5 28. Bxe7 Qxe7 29. Qf4 Rc8 30. Rac1 f5 31. Rfe1 Qf6 32. Bd3 Bc6 33. Bb5 Kf7 34. Re5 g5 35. Qe3 Re7 36. Qd3 Rd8 37. Qe2 Bxb5 38. Qxb5 Red7 39. Rce1 Rd5 40. Rxd5 Rxd5 41. Qc6 Qe7 42. Qxd5 exd5 43. Rxe7+ Kxe7 44. Kf2 Kd6 45. Ke3 a6 46. Kd3 b5 47. axb5 axb5 48. Kc2 Kc6 49. Kb3 f4 50. Ka3 1/2-1/2